Guide to the Use of Tables and Formulas in Machinery's Handbook /

Kaydedildi:
Detaylı Bibliyografya
Yazar: Amiss, John Milton (autor)
Diğer Yazarlar: Jones, Franklin Day (autor) (autor), Ryffel, Henry H. (autor) (autor), McCauley, Christopher J. (edición) (edición)
Materyal Türü: Kitap
Dil:İngilizce
Baskı/Yayın Bilgisi: Nueva York, EUA : Industrial Press, 2000, c2000
Edisyon:26a edición
Konular:
Etiketler: Etiketle
Etiket eklenmemiş, İlk siz ekleyin!

MARC

LEADER 00000nam^a2200000^a^4500
001 000153358
005 20250521000000.0
009 20260310100315.991
020 |a 0-8311-2699-X 
037 |a Acervo ITESO - Biblioteca 
041 |a ING 
082 |a 621. 80212  |b MAC 
100 |a Amiss, John Milton  |e (autor) 
240 1 1 |a [Machinery's Handbook Guide] 
245 1 0 |a Guide to the Use of Tables and Formulas in Machinery's Handbook /  |c J.M. Amiss, F.D. Jones, H.H. Ryffel ; ed. de C.J. McCauley. 
246 2 |a Título en la cubierta: Machinery's Handbook Guide 26 
250 |a 26a edición 
264 4 |a Nueva York, EUA :  |b Industrial Press,  |c 2000, c2000 
300 |a IX, 254 p. 
336 |a texto  |b txt  |2 rdacontenido 
337 |a sin mediación  |b n  |2 rdamedio 
338 |a volumen  |b nc  |2 rdasoporte 
649 |a XX 
650 |a Maquinaria 
650 |a Maquinaria 
650 |a Cortadoras 
650 |a Herramientas 
650 |a Control Numérico 
650 |a Matemáticas -  |x Tablas 
650 |a Matemáticas de Ingeniería 
650 |a Medición 
650 |a Física -  |x Medición 
650 |a Ingeniería Mecánica 
700 |a Jones, Franklin Day  |e (autor) 
700 |a Ryffel, Henry H.  |e (autor) 
700 |a McCauley, Christopher J.  |e (edición) 
910 |a Fondo General 
920 |a Impresos - Libros 
930 |a Colección General 
905 |a 101 
901 |a 0500081846  |b IT1  |c ACC  |u 20250521 
902 |a https://opac.biblio.iteso.mx/vufind/Record/000153358